000 00634nam a2200205Ia 4500
003 GCL
008 140319s9999 xx 000 0 ara d
040 _aGCL /
_cGCL
082 0 4 _aد
_b050
_bص ص
100 1 _aصلاح الدين البستانى
245 1 0 _aصحف بونابرت في مصر /
_cصلاح الدين البستانى
260 _a[S.N] :
_bدار العرب للبستانى
300 _a476
490 _aفنون الادب العربى (الفن التمثيلى)
_v0
650 0 4 _aالاقتصاد
650 0 4 _aالادب
650 0 4 _aالسياسة
650 0 4 _aالتاريخ
942 _2ddc
_cCF
999 _c27013
_d27013